000 00370nam a2200157Ia 4500
003 OSt
005 20240412125116.0
008 170524s9999 xx 000 0 und d
020 _a978-9389949346
040 _cIIMT UNIVERSITY
100 _aJawadekar W
245 0 _aMANAGEMENT INFORMATION SYSTEM : TEXT AND CASES
260 _bTMH
260 _c2008
942 _2ddc
_c02
999 _c5605
_d5605